Регионална библиотека "Любен Каравелов" - Русе

Предизвикателства пред финансово управление и контрол на средствата от Европейския съюз (Запис номер 194051)

MARC детайли
000 -Лидер
Контролно поле с фиксирана дължина 02446nam a2200433 c 4500
003 - Код на организацията, давaща контролен номер
Контролно поле BLK
005 - Дата и час на последна редакция
Контролно поле 20180421000909.0
008 - Елементи от данни с фиксирана дължина
fixed length control field 180411b bul|||||r ||||||| ||bul||
010 ## - Наследен системен номер
LC control number KNG00203275000
020 ## - Международен стандартен номер на книга ISBN
Международен стандартен номер на книга ISBN 978-954-07-4203-8
-- издат.: Унив. изд. Св. Климент Охридски
040 ## - Източник на каталожния запис
Идентификатор на билиотеката - собственик на записа BLK
041 ## - Код за език
Код за езика на текст/звукозапис или на отделно заглавие Български
Код за езика КДБФ Български
Други езици Английски
072 #7 - Код за тематичната категория
Код организация bullib
Код за тематична категория Н33
Текст Икономика Н
080 ## - УДК
Текстов определител УДК Европейски съюз (икон. аспекти)
УДК код - определител по УДК 339.923:061.1ЕС
УДК определител (063)
УДК - код + определител 339.923:061.1ЕС(063)
080 ## - УДК
Текстов определител УДК Пари. Банково дело. Борса. Валутен борд. Вж и 347.73 ; 368
УДК код - определител по УДК 336.7
УДК определител (497.2)(063)
УДК - код + определител 336.7(497.2)(063)
110 1# - Редна дума - колетивен орган
Редна дума - наименование на организация или юридическо лице Международна науч.-прил. конф. Предизвикателства пред финансово управление и контрол на средствата от Европейския съюз. София
9 (RLIN) 346486
139 ## - Редно поле
Редна дума Предизвикателства пред финансово управление и контрол на средствата от Европейския съюз
Авторски знак Пред - П 86
245 10 - Сведения за заглавието
Заглавие Предизвикателства пред финансово управление и контрол на средствата от Европейския съюз
Подзаглавни данни Докл. от междунар. науч.-прил. конф., проведена през ноем. 2016 г. в гр. София
257 ## - Страна на издаване
Страна на създаване/издаване България
260 ## - Област на издателските данни
-- София
Име на издателя, разпространителя и проч. Унив. изд. Св. Климент Охридски
Година на издаване 2016
300 ## - Физическа характеристика
Страници 368 с.
Илюстрации и др. със сх.
Размери/Мащаб 24 см
380 ## - Жанр
Жанр Обществени науки
500 ## - Общи забележки
Забележка Текст и на англ. ез. - Рез. на бълг., англ. ез. - Библиогр. под линия.
650 #4 - Допълнително описание по предмет – тема
Основно описание – тема или топоним Европейски съюз - конгреси, конференции, съвещания
9 (RLIN) 269885
650 #4 - Допълнително описание по предмет – тема
Основно описание – тема или топоним Европейски съюз - икономически аспекти
9 (RLIN) 266913
650 #4 - Допълнително описание по предмет – тема
Основно описание – тема или топоним България - финанси
9 (RLIN) 268892
651 #4 - Допълнително описание по предмет - топоним
Географско понятие Европейски съюз
9 (RLIN) 258188
651 #4 - Допълнително описание по предмет - топоним
Географско понятие България
9 (RLIN) 241624
653 ## - Ключова дума – ненормативна
Ключова дума ЕС
653 ## - Ключова дума – ненормативна
Ключова дума финансов контрол
653 ## - Ключова дума – ненормативна
Ключова дума финансови инструменти
653 ## - Ключова дума – ненормативна
Ключова дума конференции
659 ## - Тематичен бюлетин
Тематичен бюлетин Н
852 ## - Местоположение
Форматна сигнатура Цб 284674
856 4# - Електронен адрес и достъп
Електронен формат pdf - файл
Път до файла /url/
856 4# - Електронен адрес и достъп
Електронен формат pdf - файл
Път до файла /url/
942 ## - АРТИКУЛИ
Вид на библиотечния материал Книги
Скрит в OPAC Не
944 ## - СЪЗДАВАНЕ И РЕДАКЦИЯ на ЗАПИСА
Създаване/Редакция Създаване
Дата на регистрацията/редакция 16.03.2017
Статус, дата на статуса ф /
Служител, извършил регистрацията/редакцията Виолета_Тройчева
944 ## - СЪЗДАВАНЕ И РЕДАКЦИЯ на ЗАПИСА
Създаване/Редакция Редакция
Дата на регистрацията/редакция 16.05.2017
Статус, дата на статуса ф /
Служител, извършил регистрацията/редакцията Людмила_Стоянова
999 ## - СИСТЕМНИ КОНТРОЛНИ НОМЕРА
Koha biblionumber 194051
Koha biblioitemnumber 194051
Наличности
Код за отписване Код за изгубен артикул Код за повреда Коз за рестрикции Код за отдаване Артикулен № Име на библиотеката - собственик Име на библиотеката, в която се намира в момента Статус (Текущо местоположение) Дата на вписване в системата Местоположение - отдел Цена в лева Инвентарен номер Систематично азбучна сигнатура Баркод Номер на екземпляра Цена в евро Служебна бележка Служебен тип на артикула
  Не е изгубен Не е повреден без рестрикции ползва се в читалня 339569 Регионална библиотека "Любен Каравелов" Русе Регионална библиотека "Любен Каравелов" Русе Хранилище 2017-03-18 Хранилище 26.00 120000808995 Цб 284674 120000808995 1 13.29 Дост: Dp Вид: Д N: 6 Дата: 23.01.2017 Книги
  Не е изгубен Не е повреден без рестрикции заемане за дома 339570 Регионална библиотека "Любен Каравелов" Русе Регионална библиотека "Любен Каравелов" Русе Заемна - подръчен фонд 2017-05-12 Заемна - подръчен фонд 26.00 120000810701 П 339.923:061.1ЕС/П 86 120000810701 2 13.29 Дост: DA Вид: А N: 21 Дата: 12.05.2017 Дата инв: 05.02.2018 Бележки инв: П2018 Книги
Vip Innovations Ltd, Rousse, Bulgaria 2025